| 000 | nam a22 a 4500 | ||
|---|---|---|---|
| 999 |
_c4730 _d4730 |
||
| 003 | AKMAL | ||
| 005 | 20170801110017.0 | ||
| 008 | 170108s2017 my e l 000 0 may d | ||
| 020 | _cRM42.00 | ||
| 040 | _aAKMAL | ||
| 082 | 0 | 4 |
_a344.595052 MAL _223 |
| 090 | 0 | 0 |
_a344.595052 _bMAL |
| 110 | 1 |
_aMalaysia, _ejurisdiction governed. _9400 |
|
| 245 | 1 | 0 |
_aAKTA POLIS 1967 (AKTA 344) : _b(HINGGA JANUARI 2016) / _cDisusun oleh Penasihat Undang-Undang Mdc |
| 260 |
_aKuala Lumpur: _bMdc Publishers, _c2017. |
||
| 300 |
_a47 pages ; _c27 cm. |
||
| 490 | 1 | _aUNDANG-UNDANG MALAYSIA | |
| 599 | _aDALAM PROSES | ||
| 650 | 1 | 0 |
_aPolice _xLaw and legislation _zMalaysia _98682 |
| 650 | 2 | 0 |
_aPolice regulations _zMalaysia _98685 |
| 830 | 0 |
_aUndang-undang Malaysia _99052 |
|
| 942 |
_2ddc _cBOOK |
||
| 950 | _lAKMAL | ||